000 00889nam a2200253 a 4500
001 1483
003 BR-CuiBMT
005 20231212153015.0
008 230811s2016 spba 000 0 por d
040 _aBR-CuiBMT
_cBR-CuiBMT
080 _22007
_a336.1:353
090 _a336.1:353
_bS239m
110 1 _aSão Paulo.
_bTribunal de Contas do Estado de São Paulo.
245 1 0 _aManual básico :
_bcontas do governador : normas e procedimentos /
_cTribunal de Contas do Estado de São Paulo.
260 _aSão Paulo :
_bTCE-SP,
_c2016.
300 _a100 p. :
_bil. ;
_c23 cm
504 _aInclui bibliografia.
650 _aOrçamento estadual
_xGestão financeira
650 _aDespesas públicas
_xEstados
650 _aGestão pública estadual
650 _aControle orçamentário
_xRecursos públicos estaduais
650 _aLei de responsabilidade fiscal
_xEstados
942 _2udc
_cLV
999 _c1483
_d1483